| 000 | 00900nas a2200289 4500 | ||
|---|---|---|---|
| 001 | BR0810008 | ||
| 003 | BR-BrBNA | ||
| 005 | 20231205112927.0 | ||
| 007 | ta | ||
| 008 | 230509b bl.|||p| |||| 00| 00por d | ||
| 040 |
_aBR-BrBNA _bpor _cBiblioteca Nacional de Agricultura |
||
| 041 | _a(Es) | ||
| 072 | _aF60 | ||
| 100 | 1 | _aMichelis, A. de | |
| 100 | 1 | _aPirone, B.N. | |
| 100 | 1 | _aVullioud, M.B. | |
| 100 | 1 | _aOchoa, M.R. | |
| 100 | 1 | _aKesseler, A.G. | |
| 100 | 1 | _aMárquez, C.A. | |
| 245 | 1 | _aCambios de volumen, área superficial y factor de forma de Heywood durante la deshidratación de cerezas (Prunus avium) | |
| 650 | _aCEREJA | ||
| 650 | _aFISIOLOGIA VEGETAL | ||
| 650 | _aVOLUME | ||
| 773 | 0 |
_tCiência e Tecnologia de Alimentos (Brazil) _xISSN 0101-2061 _g(Apr-Jun 2008), v. 28(2) p. 317-321 _wBR0810008 |
|
| 909 |
_a202311 _bLúcia _c55 _dLúcia Elande |
||
| 942 |
_2AGRIS _n0 _cANA |
||
| 999 |
_c200833 _d200833 |
||